Os Lusiadas / (Record no. 38640)

MARC details
000 -LEADER
campo de control de longitud fija 00753nam a2200217 i 4500
001 - NÚMERO DE CONTROL
campo de control 38640
003 - IDENTIFICADOR DE NÚMERO DE CONTROL
campo de control ES-MaACL
005 - FECHA Y HORA DE LA ÚLTIMA TRANSACCIÓN
campo de control 20250820063027.0
007 - CAMPO FIJO DE DESCRIPCIÓN FÍSICA--INFORMACIÓN GENERAL
campo de control de longitud fija t|
008 - DATOS DE LONGITUD FIJA--INFORMACIÓN GENERAL
campo de control de longitud fija 030226s1859 po ||||1| por d
100 1# - ENTRADA PRINCIPAL--NOMBRE DE PERSONA
Nombre de persona Camões, Luís de,
Fechas asociadas al nombre 1524?-1580
9 (RLIN) 181622
245 13 - MENCIÓN DEL TÍTULO
Título Os Lusiadas /
Mención de responsabilidad, etc. de Luis de Camoes ; segundo a do Morgado Matteus notas e vida do autor pel mesmo corregida e enriquecida pelo Caetano Lopes de Mousa.
250 ## - MENCION DE EDICION
Mención de edición Nova ediçao.
260 ## - PUBLICACIÓN, DISTRIBUCIÓN, ETC.
Lugar de publicación, distribución, etc. Paris :
Nombre del editor, distribuidor, etc. [s.n.,
Fecha de publicación, distribución, etc. 1859] (
Fabricante Tip. Firmin Didot)
300 ## - DESCRIPCIÓN FÍSICA
Extensión II, 415 p. ;
Dimensiones 18 cm.
700 1# - ENTRADA AGREGADA--NOMBRE PERSONAL
Nombre de persona Sousa Botelho, José María de.
9 (RLIN) 107579
700 1# - ENTRADA AGREGADA--NOMBRE PERSONAL
Nombre de persona Lopes de Moura, Caetano.
9 (RLIN) 73291
852 ## - LOCALIZACIÓN
Ubicación ES-MaACL
Número de control de estantería G-8393
852 ## - LOCALIZACIÓN
Ubicación ES-MaACL
Número de control de estantería D-2688
Holdings
Estatus retirado Estado de pérdida Estado de daño No para préstamo Colección Biblioteca de origen Biblioteca actual Ubicación en estantería Fecha de adquisición Fuente de adquisición Total de préstamos Signatura topográfica completa Código de barras Visto por última vez Precio de reemplazo Tipo de ítem Koha
        Libros del s. XIX Biblioteca del Ateneo de Madrid Biblioteca del Ateneo de Madrid Sala Valle Inclán 17/01/2008     D-2688 901040691 23/02/2023 23/02/2023 Libro impreso antiguo
        Libros del s. XIX Biblioteca del Ateneo de Madrid Biblioteca del Ateneo de Madrid Sala Pecera Planta 3 17/01/2008     G-8393 1040690 23/02/2023 23/02/2023 Libro impreso antiguo